|
|
|
|
| LEADER |
00000naa2a2200000 4500 |
| 001 |
53915 |
| 005 |
20231031050015.0 |
| 035 |
|
|
|a (RuTPU)RU\TPU\book\56512
|
| 035 |
|
|
|a RU\TPU\book\56416
|
| 090 |
|
|
|a 53915
|
| 100 |
|
|
|a 20030626d1996 k y0rusy50 ca
|
| 101 |
0 |
|
|a rus
|
| 102 |
|
|
|a RU
|
| 200 |
1 |
|
|a Состав и структура защитных покрытий TiN на сталях
|f Г. В. Потемкин, И. И. Грушин, Б. С. Семухин
|
| 463 |
|
1 |
|0 (RuTPU)RU\TPU\book\2952
|t IV Всероссийская Конференция по модификации свойств конструкционных материалов пучками заряженных частиц, 13-17 мая 1996 года, г. Томск
|o тезисы докладов
|v С. 477-478.
|d 1996
|p 552 с.
|
| 610 |
1 |
|
|a труды учёных ТПУ
|
| 675 |
|
|
|a 539.121.8(063)
|v 3
|
| 675 |
|
|
|a 62(063)
|v 3
|
| 700 |
|
1 |
|a Потемкин
|b Г. В.
|c физик
|c старший научный сотрудник Томского политехнического университета, кандидат физико-математических наук
|f 1942-
|g Гелий Валерьянович
|2 stltpush
|3 (RuTPU)RU\TPU\pers\35370
|
| 701 |
|
1 |
|a Грушин
|b И. И.
|
| 701 |
|
1 |
|a Семухин
|b Б. С.
|
| 801 |
|
1 |
|a RU
|b 63413507
|c 20030624
|g PSBO
|
| 801 |
|
2 |
|a RU
|b 63413507
|c 20160421
|g PSBO
|
| 942 |
|
|
|c BK
|